Student Teachers' Beliefs and a Changing Teacher Role

Vzťahy medzi meniacimi sa očakávaniami v úlohe učiteľa, príprave budúcich učiteľov a názoroch švédskych študentov učiteľstva na ich úlohu ako učiteľov, so zvláštnym dôrazom na socializačný proces žiakov a vplyv učiteľa na tento proces.

Bibliographic Details
Main Author: Wright, Moira von (Author)
Format: Article
Language:English
Subjects:

MARC

LEADER 00000nab a2200000 a 4500
001 vtls001503799
003 SK-MaSNL
005 20260304230603.0
008 050227s1997 xo 000 0 eng
035 |a SPKCL6126 
040 |a SPKCL  |b slo  |c SNKBUCL  |d ÚIP-SPK(MH)  |e AACR2 
041 |a eng 
044 |a xo  |c SK 
080 |a 371.13:371.321:37.062.1  |2 1981 
100 1 |a Wright, Moira von  |4 aut  |9 1563626 
245 1 0 |a Student Teachers' Beliefs and a Changing Teacher Role  |c Moira von Wright 
520 |a Vzťahy medzi meniacimi sa očakávaniami v úlohe učiteľa, príprave budúcich učiteľov a názoroch švédskych študentov učiteľstva na ich úlohu ako učiteľov, so zvláštnym dôrazom na socializačný proces žiakov a vplyv učiteľa na tento proces. 
651 7 |a Švédsko  |2 snkbucl  |9 246039 
773 1 |t European Journal of Teacher Education  |g Roč. 20, č. 3 (1997) s. 257-266 
850 |a Slovenská pedagogická knižnica Bratislava 
852 |a SPKCL  |b KIS3GCP  |b 000710000  |n SK 
999 |c 3183821  |d 3185751